How to stop worrying about inocme tax and soothen tax matters (Record no. 38496)
[ view plain ]
| 000 -LEADER | |
|---|---|
| fixed length control field | 00317nam a2200109Ia 4500 |
| 082 ## - DEWEY DECIMAL CLASSIFICATION NUMBER | |
| Classification number | 336.215 |
| Item number | LAK |
| 100 ## - MAIN ENTRY--AUTHOR NAME | |
| Personal name | LAKHOTIA, Ram Nivas |
| 245 #0 - TITLE STATEMENT | |
| Title | How to stop worrying about inocme tax and soothen tax matters |
| 260 ## - PUBLICATION, DISTRIBUTION, ETC. (IMPRINT) | |
| Place of publication | Calcutta |
| Name of publisher | Asha pub house |
| Year of publication | 1983 |
| 942 ## - ADDED ENTRY ELEMENTS (KOHA) | |
| Koha item type | Books |
| Withdrawn status | Lost status | Damaged status | Not for loan | Home library | Current library | Date acquired | Full call number | Accession Number | Koha item type |
|---|---|---|---|---|---|---|---|---|---|
| RRII Library | RRII Library | 16/12/2021 | 336.215 LAK | 18853 | Books |